Word Ladder: Star Trek Father & Son Quiz Stats

 Plays Quiz Updated Jun 28, 2016

Challenge
Share
Tweet
Embed
Score 0/18 Timer 02:00
0 Plays Today
Clue 5-Letter Word % Correct
To cut the wool off a sheep or other animalSHEAR
94.8%
The hard protective outer case of a mollusk or crustaceanSHELL
93.4%
A weapon with a long shaft and a pointed tip, typically of metal, used for thrusting or throwingSPEAR
93.1%
★ USS Enterprise Science Officer and son of [Last Rung] ★★ SPOCK ★
92.6%
To say something in order to convey information, an opinion, or a feelingSPEAK
91.2%
A tiny spotSPECK
90.7%
A form of words used as a magical charm or incantationSPELL
90.6%
A flat length of rigid material, often attached to a wall, providing a surface for the storage or display of objectsSHELF
85%
A bundle of grain stalks laid lengthwise and tied together after reapingSHEAF
81.5%
Clue 5-Letter Word % Correct
Exhausted; having been used and unable to be used againSPENT
81%
The rate at which someone or something is able to move or operateSPEED
80.5%
DreamWorks ogre, voiced by Mike MyersSHREK
80.3%
To pay out money in buying or hiring goods or servicesSPEND
79.7%
A species of wheat, also known as dinkel or hulled wheatSPELT
74.9%
Prepare small pieces of cabbage for slawSHRED
72.4%
Used to work for an organization by secretly collecting information about enemies or competitorsSPIED
72.1%
Started back or aside, as in fear; drew back; recoiledSHIED
59.1%
★ Vulcan astrophysicist and ambassador to the United Federation of Planets, and father of [First Rung] ★★ SAREK ★
27.1%

Today's Daily Dose

Missing Word
Britpop Albums

Word Ladder
Sing It!

On This Day
December 14th II

You're not logged in!

Compare scores with friends on all Sporcle quizzes.
OR
Log In

You Might Also Like...

Show Comments

Extras

Top Quizzes Today


Score Distribution

Your Account Isn't Verified!

In order to create a playlist on Sporcle, you need to verify the email address you used during registration. Go to your Sporcle Settings to finish the process.

Report this User

Report this user for behavior that violates our Community Guidelines.

Details: